书目信息 |
| 题名: |
自己动手写嵌入式操作系统
|
|
| 作者: | 蓝枫叶 编著 | |
| 分册: | ||
| 出版信息: | 北京 电子工业出版社 2007 |
|
| 页数: | 14,417页 | |
| 开本: | 24cm | |
| 丛书名: | ||
| 单 册: | ||
| 中图分类: | TP316.2 | |
| 科图分类: | ||
| 主题词: | 实时操作系统--基本知识 , 实时操作系统 | |
| 电子资源: | ||
| ISBN: | 7-121-03302-X | |
| 000 | 00988nam0 2200277 450 | |
| 001 | 003347088 | |
| 005 | 20080303095535.42 | |
| 010 | @a7-121-03302-X@dCNY59.00 | |
| 035 | @a003347088 | |
| 100 | @a20070116d2007 em y0chiy0110 ea | |
| 101 | 0 | @achi |
| 102 | @aCN@b110000 | |
| 105 | @ay z 000yy | |
| 106 | @ar | |
| 200 | 1 | @a自己动手写嵌入式操作系统@Azi ji dong shou xie qian ru shi cao zuo xi tong@f蓝枫叶编著 |
| 210 | @a北京@c电子工业出版社@d2007 | |
| 215 | @a14,417页@d24cm | |
| 312 | @a封面英文题:Embedded operating system | |
| 330 | @a本书详细地叙述自己动手写嵌入式操作系统所需的各方面知识,如加载和初始化、Shell、线程的实现、内存管理机制、互斥管理机制、互斥和同步机制及中断和定时机制的实现,以及设备驱动程序管理框架和应用编程接口等。 | |
| 510 | 1 | @aEmbedded operating system@zeng |
| 606 | 0 | @a实时操作系统@x基本知识 |
| 606 | 0 | @a实时操作系统 |
| 690 | @aTP316.2@v4 | |
| 701 | 0 | @a蓝枫叶@Alan feng ye@4编著 |
| 801 | 0 | @aCN@bNLC@c20080303 |
| 905 | @dTP316.2@e473@f4 | |
| 自己动手写嵌入式操作系统/蓝枫叶编著.-北京:电子工业出版社,2007 |
| 14,417页;24cm |
| ISBN 7-121-03302-X:CNY59.00 |
| 本书详细地叙述自己动手写嵌入式操作系统所需的各方面知识,如加载和初始化、Shell、线程的实现、内存管理机制、互斥管理机制、互斥和同步机制及中断和定时机制的实现,以及设备驱动程序管理框架和应用编程接口等。 |
| ● |
| 相关链接 |
|
|
|
|
正题名:自己动手写嵌入式操作系统
索取号:TP316.2/473
 
预约/预借
| 序号 | 登录号 | 条形码 | 馆藏地/架位号 | 状态 | 备注 |
| 1 | 0793066 | 207930667 | 第二样本阅览室/ [索取号:TP316.2/473] | 在馆 | |
| 2 | 0793067 | 207930676 | 第三借阅区/ [索取号:TP316.2/473] | 在馆 | |
| 3 | 0793068 | 207930685 | 第三借阅区/ [索取号:TP316.2/473] | 在馆 | |
| 4 | 0793069 | 207930694 | 第三借阅区/ [索取号:TP316.2/473] | 在馆 |